000 00567nam a2200193Ia 4500
008 090124s9999 xx 000 0 und d
082 _b122675
100 _aगावसकर सुनील
245 _a वन डे वंडर्स
250 _a1
260 _c1986
300 _a84
600 _aगावसकर सुनील
630 _a वन डे वंडर्स
700 _aअभ्यंकर शंकर.
700 _aगावसकर सुनील
730 _a वन डे वंडर्स
942 _cBOOK
999 _c168761
_d168761